STARGAZING THE PLAYERS IN MY LIFE (Record no. 32522)

MARC details
000 -LEADER
fixed length control field 00340nam a2200133Ia 4500
008 - FIXED-LENGTH DATA ELEMENTS--GENERAL INFORMATION
fixed length control field 240624s9999 xx 000 0 und d
041 ## - LANGUAGE CODE
Language code of text/sound track or separate title eng
082 ## - DEWEY DECIMAL CLASSIFICATION NUMBER
Classification number 828 SHA
100 ## - MAIN ENTRY--PERSONAL NAME
Personal name SHASTRI RAVI
245 ## - TITLE STATEMENT
Title STARGAZING THE PLAYERS IN MY LIFE
260 ## - PUBLICATION, DISTRIBUTION, ETC.
Date of publication, distribution, etc. 2021
Place of publication, distribution, etc. Noida
Name of publisher, distributor, etc. HARPERCOLLINS PUBLISHER
300 ## - PHYSICAL DESCRIPTION
Extent Exch.299 p.; 28 cm.
365 ## - TRADE PRICE
Currency code RS
Holdings
Withdrawn status Lost status Damaged status Not for loan Home library Current library Shelving location Date acquired Cost, normal purchase price Full call number Barcode Date last seen Price effective from Koha item type
        IMTN IMTN Rack 43-A 10/19/2021 489.00 828 SHA 32522 06/24/2024 06/24/2024 Books
Designed & Maintained by: LRC IMT Nagpur Contact: lrc@imtnag.ac.in© 2024. All Rights Reserved.